000 00657nam a22002177a 4500
003 UA-OsUOA
001 79833
007 ta
008 20111121b un ||||| |||| 00| 0 ukr d
100 _aШевченко-Савчинська Л.
090 _a82
_bШ37
942 _cSA
040 _aUA-OsUOA
_bukr
_cUA-OsUOA
_dUA-OsUOA
245 _aВесільний портрет на тлі міста Лева: латиномовна епіталама в Україні ХVІІ ст.
300 _aС.73-87
955 _a0
041 _aukr
080 _a82
773 0 _w79821
650 7 _a82 Література. Літературознавство
_2UDC
999 _c366187
_d366187